Effect of different combinations of phosphorus and boron on growth and yield of a selected BARI Mung-6 / (Record no. 13779)
[ view plain ]
| 000 -LEADER | |
|---|---|
| fixed length control field | 01150nam a22002657a 4500 |
| 003 - CONTROL NUMBER IDENTIFIER | |
| control field | BD-DhSAU |
| 005 - DATE AND TIME OF LATEST TRANSACTION | |
| control field | 20190110105309.0 |
| 008 - FIXED-LENGTH DATA ELEMENTS--GENERAL INFORMATION | |
| fixed length control field | 160620b2015 bg ||||| |||| 001 0 eng d |
| 040 ## - CATALOGING SOURCE | |
| Original cataloging agency | BD-DhSAU |
| 082 ## - DEWEY DECIMAL CLASSIFICATION NUMBER | |
| Edition number | 22 |
| Classification number | 631.4 |
| Item number | M5803 |
| 100 ## - MAIN ENTRY--PERSONAL NAME | |
| Personal name | Mia, Md. Azim |
| Relator code | REGISTRATION NO. # 09-03286 |
| 245 ## - TITLE STATEMENT | |
| Title | Effect of different combinations of phosphorus and boron on growth and yield of a selected BARI Mung-6 / |
| Remainder of title | MS thesis |
| Statement of responsibility, etc. | Md. Azim Mia |
| 260 ## - PUBLICATION, DISTRIBUTION, ETC. (IMPRINT) | |
| Place of publication, distribution, etc. | Sher-e-Bangla Agricultural University : |
| Name of publisher, distributor, etc. | Department of Soil Science, |
| Date of publication, distribution, etc. | 2015. |
| 300 ## - PHYSICAL DESCRIPTION | |
| Extent | viii, 69 p. : |
| Other physical details | ill. ; |
| Dimensions | 30 cm. |
| 500 ## - GENERAL NOTE | |
| General note | MS thesis of Department of Soil Science , Faculty of Agriculture, Sher-e-Bangla Agricultural University, Dhaka, Bangladesh |
| 504 ## - BIBLIOGRAPHY, ETC. NOTE | |
| Bibliography, etc | Includes reference |
| 590 ## - Name of Cataloguer | |
| Name of Cataloger | Kamim |
| 650 ## - SUBJECT ADDED ENTRY--TOPICAL TERM | |
| Topical term or geographic name as entry element | Soil Science |
| 650 ## - SUBJECT ADDED ENTRY--TOPICAL TERM | |
| Topical term or geographic name as entry element | Effect of different combinations of phosphorus and boron |
| 650 ## - SUBJECT ADDED ENTRY--TOPICAL TERM | |
| Topical term or geographic name as entry element | growth and yield of a selected BARI Mung-6 |
| 700 ## - ADDED ENTRY--PERSONAL NAME | |
| Personal name | Jahan, Mst. Afrose |
| Relator term | Supervisor |
| 700 ## - ADDED ENTRY--PERSONAL NAME | |
| Personal name | Shahriar, Syfullah |
| Relator term | Co-supervisor |
| 856 ## - ELECTRONIC LOCATION AND ACCESS | |
| Uniform Resource Identifier | <a href="http://archive.saulibrary.edu.bd:8080/xmlui/handle/123456789/1363">http://archive.saulibrary.edu.bd:8080/xmlui/handle/123456789/1363</a> |
| Link text | Online Access |
| 942 ## - ADDED ENTRY ELEMENTS (KOHA) | |
| Source of classification or shelving scheme | Dewey Decimal Classification |
| Koha item type | MS Level Thesis |
| Withdrawn status | Lost status | Source of classification or shelving scheme | Damaged status | Not for loan | Collection code | Home library | Branch Name | Shelving location | Date acquired | Total Checkouts | Full call number | Barcode | Date last seen | Price effective from | Koha item type |
|---|---|---|---|---|---|---|---|---|---|---|---|---|---|---|---|
| Dewey Decimal Classification | Not For Loan | Reference | SAU Library | SAU Library | Reference | 12/01/2017 | 631.4 M5803 | 39945 | 17/01/2017 | 17/01/2017 | MS Level Thesis |
